|
|
|
|
| LEADER |
01036pam a22002658a 4500 |
| 001 |
00038426 |
| 005 |
20171026081023.0 |
| 008 |
170516s2008 ||||||Viesd |
| 041 |
0 |
# |
|a Vie
|
| 082 |
1 |
4 |
|a 372.21
|b GI108TR
|
| 100 |
1 |
# |
|a Nguyễn, Ngọc Bảo
|
| 245 |
1 |
0 |
|a Giáo trình sử dụng trò chơi học tập nhằm hình thành các biểu tượng toán học sơ đẳng cho trẻ mẫu giáo
|c Nguyễn Ngọc Bảo; Đỗ Thị Minh Liên
|
| 260 |
# |
# |
|c 2008
|a Hà Nội
|b Đại học sư phạm
|
| 300 |
# |
# |
|a 139tr.
|c 27cm
|
| 653 |
# |
# |
|a Giáo trình
|
| 653 |
# |
# |
|a Mẫu giáo
|
| 653 |
# |
# |
|a toán học
|
| 653 |
# |
# |
|a Trò chơi
|
| 700 |
1 |
# |
|a Đỗ Thị Minh Liên
|
| 852 |
# |
# |
|b Kho mượn
|j KM.0021546, KGT.0052729, KGT.0052970, KGT.0052971
|
| 852 |
# |
# |
|b Kho đọc
|j KD.0020442
|
| 852 |
# |
# |
|j KD.0020442
|j KGT.0052729
|j KGT.0052970
|j KGT.0052971
|
| 910 |
|
|
|d 16/05/2017
|
| 980 |
# |
# |
|a Trung tâm Học liệu Lê Vũ Hùng, Trường Đại học Đồng Tháp
|